[Event "Mitropa Online Cup Open 2021"]
[Site "Hybrid"]
[Date "2021.05.04"]
[Round "8.1"]
[White "Kriebel, Tadeas"]
[Black "Krastev, Alexander"]
[Result "0-1"]
[WhiteElo "2527"]
[BlackElo "2367"]
[Annotator "TA"]
[PlyCount "108"]
[EventDate "2021.05.04"]
[EventType "team-tourn"]
[EventCountry "NET"]
[SourceTitle "playchess.com"]
[Source "ChessBase"]
[SourceQuality "1"]
[WhiteTeam "Czech Republic"]
[BlackTeam "Germany"]
[WhiteTeamCountry "CZE"]
[BlackTeamCountry "GER"]

{[%evp 18,108,46,22,25,26,33,0,7,12,16,11,27,12,29,0,29,0,34,32,31,42,20,20,52,52,55,47,55,37,43,0,45,0,0,0,0,0,41,13,41,40,59,59,73,23,58,43,72,70,61,0,0,0,0,0,0,-388,-389,-390,-398,-371,-358,-521,-500,-626,-399,-394,-366,-377,-364,-389,-366,-475,-444,-503,-318,-2333,-2702,-2318,-2501,-2622,-2211,-1625,-1621,-1408,-771,-5265,-4132,-29978,-29980,-29979,-29980]} 1. e4 c5 2. Nf3 Nc6 3. d4 cxd4 4. Nxd4 Nf6 5. Nc3 d6 6. Bg5 e6 7. Qd2 a6 8. O-O-O Bd7 $1 {The main line 8...Bd7 scores better than 8...h6.} 9. f3 Be7 10. h4 h6 {B67: Sicilian: Richter-Rauzer: 7...a6 8 0-0-0 Bd7, lines without 9 f4 Be7.} 11. Be3 h5 12. Qe1 b5 {The position is equal.} 13. Nxc6 Bxc6 {[#]} 14. Ne2 $146 ({Predecessor:} 14. Bg5 Qc7 15. Kb1 O-O 16. Bd3 Rfe8 17. Ne2 Bb7 18. Nf4 Qc5 19. c3 Rac8 20. Bc2 {0-1 (28) Sirota,A (2499)-Kotlyanskiy,E (2495) LSS email 2010}) 14... Qc7 15. Nd4 Bd7 16. Bd2 Qb7 17. a3 g6 18. Bb4 e5 19. Nb3 Be6 20. Na5 Qb6 21. g3 $1 Rc8 22. Bh3 Qc7 {[%csl Gc8][%cal Rc7c2] [#]} 23. c3 (23. Qe2 {with more complications.} Bxh3 24. Rxh3 O-O 25. Rh2 Rfd8 26. Rd3) 23... O-O 24. Rd3 Kh7 25. Qe2 Bxh3 26. Rxh3 Rfd8 27. Qd1 Bf8 28. Rh1 Qd7 29. Kb1 Qe6 30. Qb3 d5 31. Rhd1 {[%cal Re4d5]} Rd7 32. Bxf8 Rxf8 33. exd5 Qf5 34. Qc2 (34. Ka1 $14) 34... e4 $11 35. fxe4 Nxe4 {Threatens to win with ...Nf2.} 36. Re3 Re8 37. Rde1 $2 {[%mdl 8192] Black continues to play with concentration.} (37. Nb3 $11 {and White stays safe.} Rxd5 38. Nd4) 37... Nd2+ $1 $19 38. Kc1 Rxe3 39. Rxe3 {[#] Qxf5 is the strong threat.} Qxd5 {( -> ...Qh1+)} 40. b3 (40. b4 {only move.}) 40... Nf1 41. Re1 Nxg3 42. Rd1 Qe6 43. Rxd7 Qxd7 44. c4 Qd4 45. Kb1 bxc4 46. Qxc4 Qd1+ 47. Qc1 $2 (47. Kb2 Qd2+ 48. Ka1) 47... Qxc1+ 48. Kxc1 {[%mdl 4096] Endgame KN-KN} g5 49. Nc4 gxh4 50. Ne5 h3 51. Nf3 Kg6 {Strongly threatening ...Kf5.} 52. b4 Kf5 53. a4 Kf4 54. Nh2 Ne4 {Weighted Error Value: White=0.83/Black=0.16} 0-1

[Event "Mitropa Online Cup Open 2021"]
[Site "Hybrid"]
[Date "2021.05.04"]
[Round "8.1"]
[White "Koellner, Ruben Gideon"]
[Black "Krejci, Jan"]
[Result "0-1"]
[WhiteElo "2412"]
[BlackElo "2540"]
[Annotator "TA"]
[PlyCount "136"]
[EventDate "2021.05.04"]
[EventType "team-tourn"]
[EventCountry "NET"]
[SourceTitle "playchess.com"]
[Source "ChessBase"]
[SourceQuality "1"]
[WhiteTeam "Germany"]
[BlackTeam "Czech Republic"]
[WhiteTeamCountry "GER"]
[BlackTeamCountry "CZE"]

{[%evp 9,136,5,8,6,7,-1,14,10,15,10,28,19,14,27,22,22,22,22,22,22,68,66,104,91,116,108,163,129,156,163,171,145,216,166,150,58,92,31,41,47,40,37,39,33,106,97,149,105,117,93,111,121,164,164,131,0,0,-113,-122,-106,0,0,0,0,0,0,0,0,345,0,0,0,0,0,0,0,795,886,885,838,839,827,668,20,625,0,0,-152,-62,-56,0,0,0,0,0,0,0,0,0,0,0,0,0,0,0,-29941,-29940,-29979,-29979,-29982,-29983,-29983,-29984,-29984,-29985,-29988,-29988,-29989,-29987,-29988,-29989,-29989,-29990,-29992,-29993,-29993,-29994,-29997,-29998]} 1. d4 d5 2. Bf4 c5 3. e3 cxd4 4. exd4 Nc6 5. c3 Bf5 6. Nf3 {B13: Caro-Kann: Exchange Variation and Panov-Botvinnik Attack.} e6 7. Nbd2 (7. Qb3 {feels hotter.} Qd7 8. Nh4 Be4 9. Nd2 Nge7 10. Be2) 7... Bd6 (7... h6 {with more complications.} 8. Bb5 Nge7 9. O-O a6 10. Ba4 Ng6) 8. Bxd6 {The position is equal.} Qxd6 9. Nh4 Bg6 (9... Nf6 {seems wilder.} 10. Bb5 O-O 11. O-O Rfe8 12. Re1 a6) 10. g3 {[#]} Nge7 $146 ({Predecessor:} 10... Nf6 11. Nxg6 hxg6 12. Bd3 O-O-O 13. Nf3 e5 14. dxe5 Nxe5 15. Nxe5 Qxe5+ 16. Qe2 Qg5 {½-½ (55) Duda,J (2758)-Artemiev,V (2731) Moscow 2019}) 11. Nxg6 Nxg6 12. f4 h5 13. Bd3 Nge7 14. Nf3 f6 15. Qe2 Kd7 16. O-O-O a6 17. Kb1 b5 (17... Rae8 $16) 18. Nd2 Na5 19. b4 Nb7 20. Nb3 Qc6 (20... Ke8 $16 {keeps fighting.} 21. f5 exf5) 21. Kb2 Ke8 22. g4 (22. f5 $16) 22... Rc8 23. Rc1 (23. Nc5 $16) 23... hxg4 $14 24. Qxg4 Kf7 25. h4 f5 26. Qg2 a5 (26... Rh6 $14) 27. a3 $16 {[%cal Ba2a3,Ba3b4][%mdl 32]} (27. Nxa5 $6 Nxa5 28. bxa5 Ra8 $11) 27... axb4 ({Black should try} 27... Rh6) 28. axb4 Nd6 29. Nd2 Ne4 30. Nf3 Kg8 31. Rhg1 {[%csl Gg1][%cal Rg2g7]} Rh7 32. Bxe4 (32. h5 $16) 32... dxe4 $11 33. Ng5 (33. Ne5 $11 Qb7 34. Qg3) 33... Rxh4 $17 34. Rh1 {[#]} Rxh1 (34... Ng6 $2 35. Rxh4 e5 36. Qh3 $18) (34... Ra8 $1 $17 {[%mdl 512]} 35. Ra1 (35. Rxh4 Qa6 $17) 35... Rxa1 36. Rxa1 Ng6) 35. Qxh1 $11 Qc4 (35... Nd5 $2 36. Qh7+ Kf8 37. Qh8+ Ke7 38. Qxg7+ Kd8 39. Nf7+ Ke8 40. Ne5 $18) 36. Qh7+ Kf8 {Black wants to play ...Ra8.} 37. Qh8+ $40 {[%mdl 128] White mounts an attack.} Ng8 38. Qh5 {[%csl Gg5][%cal Rh5f7]} Rc7 {[%mdl 8192]} (38... Ke7 $11 {and Black stays safe.} 39. Qf7+ {[%mdl 64] Double Attack} Kd6 40. Qxg7 Ra8 41. Nf7+ Kd5 42. Qe5+ Kc6 43. Qc5+ (43. Qd6+ Kb7 $11) 43... Qxc5 44. dxc5 Nf6) 39. Nh7+ $2 (39. d5 $1 $18 {[%cal Rd5d6]} Qxd5 40. Rd1) 39... Ke7 40. Qg5+ Ke8 41. Qg6+ $1 Kd8 {( -> ...Ra7)} 42. Ng5 $1 {[%cal Rg5e6]} Kd7 {[%mdl 8192]} ({Of course not} 42... Nf6 43. Nf7+ Rxf7 44. Qxf7 $16) (42... Ne7 $11 43. Nxe6+ Kd7 44. Nf8+ Kd8 45. Ne6+ (45. Qd6+ Ke8 $11) 45... Kd7 46. Nf8+ Kd8 47. Qd6+ Ke8) 43. Nf7 $18 Qd5 44. Qxg7 Ne7 45. Ra1 $1 {Black must now prevent Ne5+.} Kc6 46. Qf8 $2 (46. Qh8 $18 {Ra6+ would kill now.} Kb6 47. Nd6 $1 {[%mdl 512]} Qxd6 48. Qa8) 46... Kb6 {[%mdl 8192] [#]} (46... Nc8 $11) 47. Qb8+ $2 (47. Nd6 $1 $18 {[%mdl 512] White wants to mate with Qb8+.} Qxd6 48. Qb8+ Kc6 49. Ra6+ {[%mdl 64] Skewer} Kd7 50. Rxd6+ Kxd6 51. Qxb5) 47... Qb7 $11 48. Qf8 ({Don't blunder} 48. Qd8 $2 Nc6 $19) ({White should play} 48. Qxb7+ $1 $11 Rxb7 49. Nd8) 48... e3 (48... Qc8 $17 49. Qxc8 (49. Nd8 Rxc3 50. Nc6 Qxf8 51. Ne5 Qc8 52. Nd7+ Qxd7 53. Kxc3 Nd5+ 54. Kd2 Qg7 55. Ra3 Qg2+ 56. Kc1 e3 57. Rb3 Qd2+ {[%mdl 64] Double Attack} 58. Kb1 e2 59. Rb2 Nc3+ 60. Ka1 e1=Q+ 61. Rb1 Qxb1#) 49... Rxc8) 49. Ne5 $1 $15 Qg2+ (49... Qc8 $1 $15 50. Qxc8 Rxc8 51. Nd7+ Kc7) 50. Kb3 $11 {Threatening c4.} Qd5+ 51. Kb2 Nc8 52. Qg8 Kb7 {aiming for ...Nb6.} 53. Nd3 {And now Nc5+ would win.} Nb6 {Strongly threatening ...Na4+.} 54. Nc5+ Rxc5 $1 55. bxc5 {[%mdl 4096] Endgame KQR-KQN} Na4+ 56. Kc2 Qc4 57. Qg7+ $2 {[%mdl 8192]} (57. Qg2+ $11 Kc7 58. Qg7+ Kc6 59. Qg2+ Kc7 60. Qg7+ Kc6 61. Qg2+ Kc7) 57... Ka6 {Black mates.} 58. Rxa4+ bxa4 {KQ-KQ} 59. Qc7 Qa2+ 60. Kc1 Qd2+ {[%mdl 64] Double Attack} 61. Kb1 Qd1+ 62. Ka2 Qb3+ 63. Ka1 Qxc3+ {[%mdl 64] Double Attack} 64. Ka2 Qb3+ 65. Ka1 e2 {[%cal Re2e1]} 66. Qc6+ Ka5 {[%cal Re2e1]} 67. Qc7+ Kb4 {[%cal Re2e1]} 68. Qb6+ Ka3 {[%cal Re2e1] A wild game.  Weighted Error Value: White=0.61/Black=0.43} 0-1

[Event "Mitropa Online Cup Open 2021"]
[Site "Hybrid"]
[Date "2021.05.04"]
[Round "8.2"]
[White "Studer, Noel"]
[Black "Gazik, Viktor"]
[Result "0-1"]
[WhiteElo "2579"]
[BlackElo "2542"]
[Annotator "TA"]
[PlyCount "74"]
[EventDate "2021.05.04"]
[EventType "team-tourn"]
[EventCountry "NET"]
[SourceTitle "playchess.com"]
[Source "ChessBase"]
[SourceQuality "1"]
[WhiteTeam "Switzerland"]
[BlackTeam "Slovakia"]
[WhiteTeamCountry "SUI"]
[BlackTeamCountry "SVK"]

{[%evp 11,74,9,29,4,48,48,52,46,45,50,53,-35,-29,-33,-33,-37,-36,-43,-35,-62,-68,-83,-61,-72,-75,-121,-114,-134,-128,-155,-152,-152,-163,-158,-160,-142,-122,-125,-153,-273,-265,-241,-268,-329,-321,-331,-335,-317,-338,-333,-320,-619,-614,-607,-589,-620,-623,-607,-621,-613,-613,-816,-806,-820,-813]} 1. d4 Nf6 2. c4 e6 3. Nf3 Bb4+ 4. Bd2 Qe7 5. e3 b6 6. Bd3 Bb7 7. Qc2 {[#] E11: Bogo-Indian.} c5 $146 ({Predecessor:} 7... Bxd2+ 8. Nbxd2 d6 9. O-O Nbd7 10. Ne4 {½-½ (10) Rausch,S (2550)-Janos,J (2445) ICCF corr 1998}) 8. Bxb4 cxb4 9. e4 {White is slightly better.} d6 10. O-O a5 11. e5 (11. Re1 $14) 11... dxe5 $15 12. dxe5 Nfd7 {aiming for ...Bxf3.} 13. Nbd2 Nc6 14. Rfe1 h6 15. Re3 O-O 16. Rae1 Rfd8 17. b3 a4 18. bxa4 Nc5 19. Bh7+ Kh8 $1 {Hoping for ...g6.} 20. Ne4 {[#]} g6 $1 21. Nf6 {[#]} Nxe5 $1 {[%mdl 576] Remove Defender} 22. Nxe5 {Threatens to win with Neg4.} Qxf6 23. Bxg6 fxg6 24. Nxg6+ Kg7 {White must now prevent ...Be4!} 25. Rg3 {[#]} (25. Ne5 $17 Qf5 26. Qb2) 25... Be4 $1 $19 {[%mdl 512]} 26. Ne5+ Kh8 27. Qb2 {[#] Intending Nf7+ and mate.} Kh7 $1 28. f3 Nxa4 29. Qxb4 Qxe5 30. Qe7+ Kh8 31. Qh4 $2 (31. fxe4 Qc5+ 32. Qxc5 Nxc5 33. a3) 31... Qd4+ {Black is clearly winning.} 32. Kh1 Bh7 33. Rg4 Qc3 34. h3 Nc5 35. Re3 Rd3 36. Rxd3 Nxd3 37. Rd4 Qe1+ {Weighted Error Value: White=0.43/Black=0.02} 0-1

[Event "Mitropa Online Cup Open 2021"]
[Site "Hybrid"]
[Date "2021.05.04"]
[Round "8.2"]
[White "Baenziger, Fabian"]
[Black "Sahidi, Samir"]
[Result "1-0"]
[WhiteElo "2400"]
[BlackElo "2406"]
[Annotator "NA"]
[PlyCount "77"]
[EventDate "2021.05.04"]
[EventType "team-tourn"]
[EventCountry "NET"]
[SourceTitle "playchess.com"]
[Source "ChessBase"]
[SourceQuality "1"]
[WhiteTeam "Switzerland"]
[BlackTeam "Slovakia"]
[WhiteTeamCountry "SUI"]
[BlackTeamCountry "SVK"]
[TimeControl "40/5400+30:1800+30"]

1. d4 {[%emt 0:00:00]} Nf6 {[%emt 0:00:08]} 2. c4 {[%emt 0:00:06]} e6 {[%emt 0:00:23]} 3. Nc3 {[%emt 0:00:08]} Bb4 {[%emt 0:00:18]} 4. e3 {[%emt 0:00:06]} O-O {[%emt 0:03:29]} 5. Bd3 {[%emt 0:00:47]} c5 {[%emt 0:04:38]} 6. Nf3 {[%emt 0:00:14]} cxd4 {[%emt 0:03:27]} 7. exd4 {[%emt 0:00:07]} b6 {[%emt 0:00:36]} 8. O-O {[%emt 0:03:28]} Bb7 {[%emt 0:03:11]} 9. Re1 {[%emt 0:06:29]} Bxc3 {[%emt 0:03:28]} 10. bxc3 {[%emt 0:00:21]} d6 {[%emt 0:01:10]} 11. Bf4 {[%emt 0:08:18]} Re8 {[%emt 0:07:04]} 12. Rb1 {[%emt 0:20:31]} Nc6 {[%emt 0:06:58]} 13. d5 {[%emt 0:12:03]} exd5 {[%emt 0:01:12]} 14. Rxe8+ {[%emt 0:02:07]} Qxe8 {[%emt 0:03:32]} 15. cxd5 {[%emt 0:04:12]} Na5 {[%emt 0:10:37]} 16. c4 {[%emt 0:02:20]} Rc8 {[%emt 0:02:07]} 17. Rc1 {[%emt 0:02:52]} Ba6 {[%emt 0:04:35]} 18. Bxd6 {[%emt 0:00:43]} Nxc4 {[%emt 0:02:20]} 19. Bg3 {[%emt 0:03:07]} Nb2 {[%emt 0:21:10]} 20. Bxa6 {[%emt 0:00:25]} Nxd1 {[%emt 0:04:46]} 21. Rxc8 {[%emt 0:00:07]} Qxc8 {[%emt 0:00:35]} 22. Bxc8 {[%emt 0:00:07]} Nxd5 {[%emt 0:00:08]} 23. Bb8 {[%emt 0:02:38]} a5 {[%emt 0:00:44]} 24. Nd4 {[%emt 0:03:17]} N1c3 {[%emt 0:01:48]} 25. Bb7 {[%emt 0:01:07]} a4 {[%emt 0:12:25]} 26. a3 {[%emt 0:01:23]} f6 {[%emt 0:01:07]} 27. Bd6 {[%emt 0:02:02]} Kf7 {[%emt 0:00:53]} 28. Bc6 {[%emt 0:00:07]} Ne7 {[%emt 0:00:32]} 29. Bd7 {[%emt 0:01:16]} Ned5 {[%emt 0:00:16]} 30. Kf1 {[%emt 0:00:31]} g5 {[%emt 0:00:37]} 31. g4 {[%emt 0:04:25]} Kg7 {[%emt 0:00:37]} 32. Bc6 {[%emt 0:01:35]} Kg6 {[%emt 0:00:27]} 33. Nb5 {[%emt 0:00:46]} f5 {[%emt 0:00:32]} 34. Nxc3 {[%emt 0:00:37]} Nxc3 {[%emt 0:00:03]} 35. Be5 {[%emt 0:01:36]} Nb1 {[%emt 0:00:20]} 36. Be8+ {[%emt 0:00:33]} Kh6 {[%emt 0:00:18]} 37. gxf5 {[%emt 0:00:06]} Nd2+ {[%emt 0:01:04]} 38. Kg2 {[%emt 0:00:42]} Nc4 {[%emt 0:00:03]} 39. Bc3 {[%emt 0:00:19]} 1-0

[Event "Mitropa Online Cup Open 2021"]
[Site "Hybrid"]
[Date "2021.05.04"]
[Round "8.2"]
[White "Haring, Filip"]
[Black "Fecker, Noah"]
[Result "1-0"]
[WhiteElo "2376"]
[BlackElo "2308"]
[Annotator "TA"]
[PlyCount "109"]
[EventDate "2021.05.04"]
[EventType "team-tourn"]
[EventCountry "NET"]
[SourceTitle "playchess.com"]
[Source "ChessBase"]
[SourceQuality "1"]
[WhiteTeam "Slovakia"]
[BlackTeam "Switzerland"]
[WhiteTeamCountry "SVK"]
[BlackTeamCountry "SUI"]

{[%evp 9,109,12,21,0,0,0,0,0,-6,0,22,22,10,16,14,5,10,5,10,0,0,0,0,0,0,-1,0,-4,0,-6,0,0,0,-5,0,0,15,18,20,0,114,83,135,136,132,142,155,110,129,96,131,120,130,109,99,112,112,109,83,104,300,220,448,394,606,541,594,610,606,602,584,583,586,564,490,456,447,489,1110,975,1059,1089,1000,1011,1085,1048,2126,1300,2106,1357,2617,1423,3059,2474,2744,2817,29976,29977,29977,29978,29978,29979]} 1. Nf3 c5 2. c4 Nc6 3. Nc3 e5 4. e3 Nf6 5. d4 e4 6. d5 {A34: Symmetrical English: 2 Nc3, lines with ...d5.} exf3 7. dxc6 dxc6 8. Qxd8+ {The position is equal.} Kxd8 9. gxf3 g6 10. b3 Bg7 11. Bb2 b6 {[#]} 12. Bg2 $146 ({Predecessor:} 12. O-O-O+ Ke7 13. Bd3 Bh3 14. Rhg1 Rad8 15. f4 Ng4 16. Ne4 Bxb2+ 17. Kxb2 Nxh2 18. Be2 {1-0 (58) Svane,R (2613)-Preotu,R (2487) Chess.com INT 2021}) 12... Kc7 13. f4 {Black must now prevent Nb5+!} Bf5 14. Ne2 Nh5 15. Bxg7 Nxg7 16. Ng3 Bg4 17. Be4 Rad8 18. h3 Bc8 19. a4 a5 20. Bc2 (20. Ke2 {with more complications.} Rhe8 21. Rad1 Be6 22. Bd3 Rd7 23. h4) 20... Rhe8 21. Rd1 Rxd1+ (21... Rd4 {feels hotter.} 22. Ne2 Rxd1+ 23. Kxd1 Rd8+ 24. Kc1 Ne8) 22. Kxd1 Re7 23. Kd2 Ne8 24. f5 g5 (24... Nd6 $11) 25. h4 $16 h6 ({Black should try} 25... g4) 26. hxg5 hxg5 27. Rh6 f6 28. Bd1 Kd6 29. Bf3 Bd7 30. e4 Ke5 31. Ke3 Nd6 32. Be2 Be8 33. Bd3 Nf7 34. Rh7 Kd6 $2 {Black cannot hold the game after this.} (34... Rd7 $16 {was called for.}) 35. Nh5 $18 Ne5 $2 (35... Bd7 {was worth a try.} 36. Nxf6 Bxf5) 36. Nxf6 Ng4+ (36... Rxh7 $142 37. Nxh7 Nxd3) 37. Nxg4 Rxh7 {[%mdl 4096] Endgame KRB-KBN} 38. e5+ Kc7 39. f6 Rh3+ 40. f3 Bd7 {[#] Strongly threatening ...Bxg4.} 41. Nf2 Rh8 42. Bg6 Be6 {intending ...Kd7.} 43. Ne4 g4 (43... Kd7 $142) 44. Ng5 Kd7 45. fxg4 {[%mdl 64] [#] Overworked Piece} Bxg4 46. Bf7 Kc7 47. e6 Kd6 48. Kf4 Bd1 49. Ne4+ Kc7 50. Nd2 Kd6 51. e7 Kd7 52. Ke5 Bg4 53. Ne4 {White mates.} Bh5 54. Be6+ Kc7 55. f7 {Weighted Error Value: White=0.06/Black=0.39} 1-0

[Event "Mitropa Online Cup Open 2021"]
[Site "Hybrid"]
[Date "2021.05.04"]
[Round "8.3"]
[White "Mihok, Oliver"]
[Black "Kovacevic, Blazimir"]
[Result "1-0"]
[WhiteElo "2547"]
[BlackElo "2410"]
[Annotator "TA"]
[PlyCount "93"]
[EventDate "2021.05.04"]
[EventType "team-tourn"]
[EventCountry "NET"]
[SourceTitle "playchess.com"]
[Source "ChessBase"]
[SourceQuality "1"]
[WhiteTeam "Hungary"]
[BlackTeam "Croatia"]
[WhiteTeamCountry "HUN"]
[BlackTeamCountry "CRO"]

{[%evp 10,93,60,64,65,60,64,54,43,49,55,29,27,14,20,31,38,56,60,31,18,18,32,0,14,0,0,0,0,0,0,0,0,0,0,0,0,0,0,0,0,0,0,0,0,0,0,0,2,2,5,0,45,33,165,165,184,193,195,196,273,273,273,273,273,273,273,262,308,298,446,446,433,385,494,494,479,470,425,400,653,637,442,503,540,528]} 1. e4 d5 2. exd5 Qxd5 3. Nc3 Qd8 4. d4 Nf6 5. Nf3 Bg4 6. h3 Bxf3 {B01: Scandinavian Defence.} 7. Qxf3 c6 8. Bf4 e6 {White is slightly better.} 9. O-O-O Bb4 10. Be5 {[#]} Nbd7 $146 ({Predecessor:} 10... O-O 11. Ne4 Nxe4 12. Qxe4 Qd5 13. Bd3 Qxe4 14. Bxe4 Nd7 15. Bh2 Nf6 16. Bf3 Rfd8 {½-½ (55) Alvir,A (2368)-Higatsberger,M (2148) Austria 2016}) 11. a3 Bxc3 12. Qxc3 Nxe5 13. dxe5 Nd7 $1 14. Qd4 Qc7 15. f4 a6 16. Bd3 O-O-O 17. Rhe1 Qb6 18. Qb4 Qxb4 19. axb4 Nb6 20. c3 Nd5 21. Re4 Ne7 22. Kc2 h5 23. g3 Nf5 24. Rg1 Rd7 25. Re2 Ne7 26. Be4 Rhd8 27. g4 hxg4 28. hxg4 Rh8 29. f5 Nd5 30. g5 Kd8 31. g6 {Strongly threatening gxf7.} fxg6 {This costs Black the game.} (31... Re8 $14) 32. fxe6 $18 Re7 33. Bxd5 ({Don't play} 33. Bxg6 $6 Rxe6 34. Bf7 Re7 $16) (33. Rxg6 Nf4 $11) 33... cxd5 34. Rxg6 {[%mdl 4096] Endgame KRR-KRR} Rh5 (34... Ke8 $142 35. Reg2 Kf8 36. Rf2+ Ke8) 35. Kd3 Kc7 36. Kd4 Kc6 37. Rf2 $1 Rh4+ 38. Kd3 Rh3+ 39. Kc2 Rh6 {[#]} (39... Re8 $142 40. Rf8 (40. Rxg7 Rxe6 41. Rff7 b6 $16) 40... Rh8) 40. Rxh6 $1 gxh6 {[#] KR-KR} 41. Rf6 Rh7 {intending ...h5.} 42. Rf7 Rh8 43. e7 {White wants to mate with Rf8.} Re8 {If Black can now play ...Kd7 this consolidates a bit.} 44. Rh7 h5 (44... Kd7 $142 45. Rxh6 Rxe7 46. Rd6+ {[%mdl 64] Double Attack} Kc7 47. Rxd5 Rh7) 45. Kd3 {White is clearly winning.} Rg8 {[#]} 46. Rg7 {[%mdl 512]} Rh8 {Now ...Kd7 and Black clings on.} (46... Re8 47. Kd4) 47. Rf7 {Weighted Error Value: White=0.03/Black=0.26} 1-0

[Event "Mitropa Online Cup Open 2021"]
[Site "Hybrid"]
[Date "2021.05.04"]
[Round "8.3"]
[White "Zelcic, Robert"]
[Black "Nagy, Gabor"]
[Result "1-0"]
[WhiteElo "2539"]
[BlackElo "2511"]
[Annotator "ChessBase"]
[PlyCount "83"]
[EventDate "2021.05.04"]
[EventType "team-tourn"]
[EventCountry "NET"]
[SourceTitle "playchess.com"]
[Source "ChessBase"]
[SourceQuality "1"]
[WhiteTeam "Croatia"]
[BlackTeam "Hungary"]
[WhiteTeamCountry "CRO"]
[BlackTeamCountry "HUN"]
[TimeControl "40/5400+30:1800+30"]

1. e4 {[%emt 0:00:00]} c5 {[%emt 0:00:22]} 2. Nf3 {[%emt 0:00:06]} e6 {[%emt 0:00:08]} 3. d4 {[%emt 0:00:05]} cxd4 {[%emt 0:00:06]} 4. Nxd4 {[%emt 0:00:03]} Nc6 {[%emt 0:00:12]} 5. Nc3 {[%emt 0:00:06]} Qc7 {[%emt 0:00:11]} 6. Be3 {[%emt 0:00:05]} a6 {[%emt 0:00:10]} 7. Bd3 {[%emt 0:00:10]} Nf6 {[%emt 0:00:17]} 8. O-O {[%emt 0:00:06]} b5 {[%emt 0:00:21]} 9. Nxc6 {[%emt 0:00:07]} Qxc6 {[%emt 0:00:13]} 10. a3 {[%emt 0:15:03]} Bb7 {[%emt 0:02:17]} 11. Qe1 {[%emt 0:04:03]} Be7 {[%emt 0:05:12]} 12. f3 {[%emt 0:00:45]} Qc7 {[%emt 0:02:07]} 13. Bd4 {[%emt 0:05:06]} e5 {[%emt 0:04:57]} 14. Qg3 {[%emt 0:05:50]} Bc5 {[%emt 0:01:24]} 15. Bxc5 {[%emt 0:02:22]} Qxc5+ {[%emt 0:00:20]} 16. Qf2 {[%emt 0:00:04]} Qxf2+ {[%emt 0:05:54]} 17. Rxf2 {[%emt 0:04:36]} O-O {[%emt 0:02:46]} 18. Re2 {[%emt 0:14:00]} Bc6 {[%emt 0:02:16]} 19. a4 {[%emt 0:03:00]} b4 {[%emt 0:05:02]} 20. Nd1 {[%emt 0:00:09]} Rfd8 {[%emt 0:09:33]} 21. Ne3 {[%emt 0:00:32]} a5 {[%emt 0:00:55]} 22. Bc4 {[%emt 0:04:03]} d5 {[%emt 0:10:48]} 23. exd5 {[%emt 0:00:10]} Nxd5 {[%emt 0:00:07]} 24. Ng4 {[%emt 0:00:07]} Nf4 {[%emt 0:04:27]} 25. Rxe5 {[%emt 0:01:20]} Rd2 {[%emt 0:00:44]} 26. Ne3 {[%emt 0:02:12]} g6 {[%emt 0:03:46]} 27. Bf1 {[%emt 0:03:00]} Kg7 {[%emt 0:08:47]} 28. Rc5 {[%emt 0:13:14]} Bd7 {[%emt 0:04:37]} 29. b3 {[%emt 0:05:09]} Re8 {[%emt 0:01:57]} 30. Re1 {[%emt 0:00:27]} Ne6 {[%emt 0:06:21]} 31. Rd5 {[%emt 0:06:03]} Rxd5 {[%emt 0:00:52]} 32. Nxd5 {[%emt 0:00:05]} Rc8 {[%emt 0:00:22]} 33. Nb6 {[%emt 0:00:52]} Rc7 {[%emt 0:00:06]} 34. Bc4 {[%emt 0:01:08]} Be8 {[%emt 0:01:42]} 35. Re5 {[%emt 0:03:42]} Rc6 {[%emt 0:02:10]} 36. Bxe6 {[%emt 0:00:07]} Kf6 {[%emt 0:00:27]} 37. Nd7+ {[%emt 0:01:10]} Bxd7 {[%emt 0:00:42]} 38. Bxd7 {[%emt 0:00:17]} Rd6 {[%emt 0:00:06]} 39. Rxa5 {[%emt 0:00:07]} Rxd7 {[%emt 0:00:06]} 40. h4 {[%emt 0:00:00]} Rc7 {[%emt 0:00:00]} 41. Rb5 {[%emt 0:01:37]} Rxc2 {[%emt 0:00:32]} 42. Rxb4 {[%emt 0:00:04]} 1-0

[Event "Mitropa Online Cup Open 2021"]
[Site "Hybrid"]
[Date "2021.05.04"]
[Round "8.3"]
[White "Rogic, Davor"]
[Black "Hera, Imre Jr."]
[Result "1/2-1/2"]
[WhiteElo "2492"]
[BlackElo "2610"]
[Annotator "TA"]
[PlyCount "97"]
[EventDate "2021.05.04"]
[EventType "team-tourn"]
[EventCountry "NET"]
[SourceTitle "playchess.com"]
[Source "ChessBase"]
[SourceQuality "1"]
[WhiteTeam "Croatia"]
[BlackTeam "Hungary"]
[WhiteTeamCountry "CRO"]
[BlackTeamCountry "HUN"]

{[%evp 17,97,15,10,16,9,0,0,0,0,0,-8,-7,-14,-51,-45,-66,-68,-77,-75,-85,-79,-85,-83,-80,-75,-81,-41,-53,-48,-52,-49,-58,-56,-63,-55,-55,-56,-69,0,0,0,-17,0,0,10,10,10,0,0,0,10,10,10,10,10,10,10,10,10,10,10,10,10,10,10,10,13,13,13,16,33,28,19,0,0,0,0,0,0,0,0,0]} 1. e4 c6 2. d4 d5 3. Nd2 dxe4 4. Nxe4 Nf6 5. Nxf6+ exf6 6. Bc4 Bd6 7. Qe2+ Qe7 8. Qxe7+ Kxe7 9. Ne2 Bf5 10. c3 {B15: Caro-Kann: 3 Nc3: 3...g6 and 3...dxe4 4 Nxe4 Nf6 5 Nxf6+ exf6.} Re8 11. Bf4 Bxf4 12. Nxf4 Kf8+ 13. Kd2 c5 14. Rhe1 {[#]} Rd8 $146 ({Predecessor:} 14... Nc6 15. Rxe8+ Rxe8 16. Bb5 cxd4 17. cxd4 Rc8 18. Bxc6 Rxc6 19. Rc1 Rxc1 20. Kxc1 Ke7 21. Kd2 Bd7 22. Kc3 {½-½ (22) Pilgram,K (1816)-Korinek,J (1737) LSS email 2013}) 15. Bd3 (15. d5 {looks sharper.} g5 16. Nh5 Nd7 17. Be2 Be4 18. c4) 15... Bxd3 16. Kxd3 cxd4 17. cxd4 Nc6 18. Ne2 Rd5 19. Red1 Rad8 20. a4 a6 ({Don't play} 20... Nxd4 $6 {[#]} 21. Kc4 $1 $16) 21. Kc4 b5+ 22. axb5 axb5+ 23. Kc3 Rc8 {[#] And now ...Nxd4+ would win.} 24. Kb3 Re8 $1 {[%cal Re8e2]} 25. Rdc1 Rxe2 26. Rxc6 Rxd4 $15 {[%mdl 4096] Endgame KRR-KRR} 27. Ra7 Rd3+ ({Better is} 27... h5 $15 28. Rc8+ Re8) 28. Ka2 $11 Rd4 {White must now prevent ...Rc4.} 29. Rb7 Rg4 30. g3 Rge4 31. Rcc7 Re7 ({Much weaker is} 31... Rxf2 $6 32. Rxf7+ Kg8 33. Rxg7+ Kh8 34. Rxh7+ Kg8 35. Rhc7 $16) 32. Rb8+ Re8 33. Rbb7 R8e7 34. Rxe7 Rxe7 35. Rxb5 {KR-KR} Re2 36. Rf5 Ke7 37. Ka3 Ke6 38. Rf3 Kd5 39. h4 Rd2 40. Kb3 Re2 41. Kc3 Kc6 42. b3 Kb6 43. Rf4 Re5 44. Kd3 f5 45. g4 {The position is equal.} fxg4 46. Rxf7 Rh5 47. Rxg7 Rxh4 48. Ke4 h5 49. f3 {Weighted Error Value: White=0.03/Black=0.04} 1/2-1/2